<?xml version="1.0" encoding="UTF-8"?><marc:collection xmlns:marc="http://www.loc.gov/MARC21/slim">
  <marc:record>
    <marc:leader>03349nas a2200757 c 4500</marc:leader>
    <marc:controlfield tag="001">010006915</marc:controlfield>
    <marc:controlfield tag="003">DE-101</marc:controlfield>
    <marc:controlfield tag="005">20241112213522.0</marc:controlfield>
    <marc:controlfield tag="006">sf</marc:controlfield>
    <marc:controlfield tag="007">tu</marc:controlfield>
    <marc:controlfield tag="008">991118c19559999gw z||m|  ||| 0||||1ger c</marc:controlfield>
    <marc:datafield tag="015" ind1=" " ind2=" ">
      <marc:subfield code="a">98,A44,0535</marc:subfield>
      <marc:subfield code="2">dnb</marc:subfield>
    </marc:datafield>
    <marc:datafield tag="016" ind1="7" ind2=" ">
      <marc:subfield code="2">DE-600</marc:subfield>
      <marc:subfield code="a">751-1</marc:subfield>
    </marc:datafield>
    <marc:datafield tag="016" ind1="7" ind2=" ">
      <marc:subfield code="2">DE-101</marc:subfield>
      <marc:subfield code="a">010006915</marc:subfield>
    </marc:datafield>
    <marc:datafield tag="022" ind1=" " ind2=" ">
      <marc:subfield code="a">0938-0558</marc:subfield>
    </marc:datafield>
    <marc:datafield tag="035" ind1=" " ind2=" ">
      <marc:subfield code="a">(DE-599)ZDB751-1</marc:subfield>
    </marc:datafield>
    <marc:datafield tag="035" ind1=" " ind2=" ">
      <marc:subfield code="a">(OCoLC)1367324268</marc:subfield>
    </marc:datafield>
    <marc:datafield tag="040" ind1=" " ind2=" ">
      <marc:subfield code="a">9001</marc:subfield>
      <marc:subfield code="b">ger</marc:subfield>
      <marc:subfield code="c">DE-101</marc:subfield>
      <marc:subfield code="d">9999</marc:subfield>
    </marc:datafield>
    <marc:datafield tag="041" ind1=" " ind2=" ">
      <marc:subfield code="a">ger</marc:subfield>
    </marc:datafield>
    <marc:datafield tag="042" ind1=" " ind2=" ">
      <marc:subfield code="a">zdb</marc:subfield>
    </marc:datafield>
    <marc:datafield tag="044" ind1=" " ind2=" ">
      <marc:subfield code="c">XA-DE</marc:subfield>
    </marc:datafield>
    <marc:datafield tag="082" ind1="7" ind2="4">
      <marc:subfield code="a">370</marc:subfield>
      <marc:subfield code="q">DE-101</marc:subfield>
      <marc:subfield code="2">22sdnb</marc:subfield>
    </marc:datafield>
    <marc:datafield tag="083" ind1="7" ind2=" ">
      <marc:subfield code="a">300</marc:subfield>
      <marc:subfield code="a">330</marc:subfield>
      <marc:subfield code="q">DE-600</marc:subfield>
      <marc:subfield code="2">22sdnb</marc:subfield>
    </marc:datafield>
    <marc:datafield tag="245" ind1="0" ind2="0">
      <marc:subfield code="a">Beiträge zur deutschen Studentengeschichte</marc:subfield>
      <marc:subfield code="c">begr. von Georg Schmidgall</marc:subfield>
    </marc:datafield>
    <marc:datafield tag="247" ind1="0" ind2="0">
      <marc:subfield code="a">Erlesenes zur deutschen Studentengeschichte</marc:subfield>
      <marc:subfield code="f">Nebent. ab 7=21.2002</marc:subfield>
    </marc:datafield>
    <marc:datafield tag="264" ind1="3" ind2="1">
      <marc:subfield code="a">München</marc:subfield>
      <marc:subfield code="b">Akademischer Verlag München</marc:subfield>
      <marc:subfield code="c">1955-</marc:subfield>
    </marc:datafield>
    <marc:datafield tag="264" ind1="2" ind2="1">
      <marc:subfield code="3">früher</marc:subfield>
      <marc:subfield code="a">Kassel</marc:subfield>
      <marc:subfield code="b">Assman</marc:subfield>
    </marc:datafield>
    <marc:datafield tag="264" ind1="2" ind2="1">
      <marc:subfield code="3">früher</marc:subfield>
      <marc:subfield code="a">Stamsried</marc:subfield>
      <marc:subfield code="b">Vöge</marc:subfield>
    </marc:datafield>
    <marc:datafield tag="264" ind1="2" ind2="1">
      <marc:subfield code="3">früher</marc:subfield>
      <marc:subfield code="a">Mannheim</marc:subfield>
      <marc:subfield code="b">Kessle</marc:subfield>
    </marc:datafield>
    <marc:datafield tag="300" ind1=" " ind2=" ">
      <marc:subfield code="c">21 cm</marc:subfield>
    </marc:datafield>
    <marc:datafield tag="336" ind1=" " ind2=" ">
      <marc:subfield code="a">Text</marc:subfield>
      <marc:subfield code="b">txt</marc:subfield>
      <marc:subfield code="2">rdacontent</marc:subfield>
    </marc:datafield>
    <marc:datafield tag="337" ind1=" " ind2=" ">
      <marc:subfield code="a">ohne Hilfsmittel zu benutzen</marc:subfield>
      <marc:subfield code="b">n</marc:subfield>
      <marc:subfield code="2">rdamedia</marc:subfield>
    </marc:datafield>
    <marc:datafield tag="338" ind1=" " ind2=" ">
      <marc:subfield code="a">Band</marc:subfield>
      <marc:subfield code="b">nc</marc:subfield>
      <marc:subfield code="2">rdacarrier</marc:subfield>
    </marc:datafield>
    <marc:datafield tag="362" ind1="0" ind2=" ">
      <marc:subfield code="a">8.1955 - 15.1962; [N.S.] 6.1963 - 18.1975; [3.Ser.] 9.1976 - 13.1980; 32.1981 - 35.1984; 1985 - 1995; 20.2001 - 27.2008 = Nr. 6-13; 28.2010 -</marc:subfield>
    </marc:datafield>
    <marc:datafield tag="363" ind1="0" ind2="0">
      <marc:subfield code="8">1.1\x</marc:subfield>
      <marc:subfield code="a">8</marc:subfield>
      <marc:subfield code="i">1955</marc:subfield>
    </marc:datafield>
    <marc:datafield tag="363" ind1="1" ind2="0">
      <marc:subfield code="8">1.2\x</marc:subfield>
      <marc:subfield code="a">15</marc:subfield>
      <marc:subfield code="i">1962</marc:subfield>
    </marc:datafield>
    <marc:datafield tag="363" ind1="0" ind2="0">
      <marc:subfield code="8">2.1\x</marc:subfield>
      <marc:subfield code="a">6</marc:subfield>
      <marc:subfield code="i">1963</marc:subfield>
    </marc:datafield>
    <marc:datafield tag="363" ind1="1" ind2="0">
      <marc:subfield code="8">2.2\x</marc:subfield>
      <marc:subfield code="a">18</marc:subfield>
      <marc:subfield code="i">1975</marc:subfield>
    </marc:datafield>
    <marc:datafield tag="363" ind1="0" ind2="0">
      <marc:subfield code="8">3.1\x</marc:subfield>
      <marc:subfield code="a">9</marc:subfield>
      <marc:subfield code="i">1976</marc:subfield>
    </marc:datafield>
    <marc:datafield tag="363" ind1="1" ind2="0">
      <marc:subfield code="8">3.2\x</marc:subfield>
      <marc:subfield code="a">13</marc:subfield>
      <marc:subfield code="i">1980</marc:subfield>
    </marc:datafield>
    <marc:datafield tag="363" ind1="0" ind2="0">
      <marc:subfield code="8">4.1\x</marc:subfield>
      <marc:subfield code="a">32</marc:subfield>
      <marc:subfield code="i">1981</marc:subfield>
    </marc:datafield>
    <marc:datafield tag="363" ind1="1" ind2="0">
      <marc:subfield code="8">4.2\x</marc:subfield>
      <marc:subfield code="a">35</marc:subfield>
      <marc:subfield code="i">1984</marc:subfield>
    </marc:datafield>
    <marc:datafield tag="363" ind1="0" ind2="0">
      <marc:subfield code="8">5.1\x</marc:subfield>
      <marc:subfield code="i">1985</marc:subfield>
    </marc:datafield>
    <marc:datafield tag="363" ind1="1" ind2="0">
      <marc:subfield code="8">5.2\x</marc:subfield>
      <marc:subfield code="i">1995</marc:subfield>
    </marc:datafield>
    <marc:datafield tag="363" ind1="0" ind2="0">
      <marc:subfield code="8">6.1\x</marc:subfield>
      <marc:subfield code="a">20</marc:subfield>
      <marc:subfield code="i">2001</marc:subfield>
    </marc:datafield>
    <marc:datafield tag="363" ind1="1" ind2="0">
      <marc:subfield code="8">6.2\x</marc:subfield>
      <marc:subfield code="a">27</marc:subfield>
      <marc:subfield code="i">2008</marc:subfield>
    </marc:datafield>
    <marc:datafield tag="363" ind1="0" ind2="1">
      <marc:subfield code="8">7.1\x</marc:subfield>
      <marc:subfield code="a">28</marc:subfield>
      <marc:subfield code="i">2010</marc:subfield>
    </marc:datafield>
    <marc:datafield tag="500" ind1=" " ind2=" ">
      <marc:subfield code="a">28.2010-31.2013 ohne Zählungsangabe</marc:subfield>
    </marc:datafield>
    <marc:datafield tag="515" ind1=" " ind2=" ">
      <marc:subfield code="a">Jg.-Zählung unregelmäßig; unregelmäßig</marc:subfield>
    </marc:datafield>
    <marc:datafield tag="591" ind1=" " ind2=" ">
      <marc:subfield code="a">Kopie188!101b!mr-Änderung(25-04-16)</marc:subfield>
    </marc:datafield>
    <marc:datafield tag="650" ind1=" " ind2="7">
      <marc:subfield code="0">(DE-588)4058167-6</marc:subfield>
      <marc:subfield code="0">https://d-nb.info/gnd/4058167-6</marc:subfield>
      <marc:subfield code="0">(DE-101)040581675</marc:subfield>
      <marc:subfield code="a">Student</marc:subfield>
      <marc:subfield code="9">rswk-swf</marc:subfield>
      <marc:subfield code="2">gnd</marc:subfield>
    </marc:datafield>
    <marc:datafield tag="650" ind1=" " ind2="7">
      <marc:subfield code="0">(DE-588)4020517-4</marc:subfield>
      <marc:subfield code="0">https://d-nb.info/gnd/4020517-4</marc:subfield>
      <marc:subfield code="0">(DE-101)040205177</marc:subfield>
      <marc:subfield code="a">Geschichte</marc:subfield>
      <marc:subfield code="9">rswk-swf</marc:subfield>
      <marc:subfield code="2">gnd</marc:subfield>
    </marc:datafield>
    <marc:datafield tag="650" ind1=" " ind2="7">
      <marc:subfield code="0">(DE-588)4067488-5</marc:subfield>
      <marc:subfield code="0">https://d-nb.info/gnd/4067488-5</marc:subfield>
      <marc:subfield code="0">(DE-101)040674886</marc:subfield>
      <marc:subfield code="a">Zeitschrift</marc:subfield>
      <marc:subfield code="9">rswk-swf</marc:subfield>
      <marc:subfield code="2">gnd</marc:subfield>
    </marc:datafield>
    <marc:datafield tag="651" ind1=" " ind2="7">
      <marc:subfield code="0">(DE-588)4070370-8</marc:subfield>
      <marc:subfield code="0">https://d-nb.info/gnd/4070370-8</marc:subfield>
      <marc:subfield code="0">(DE-101)040703703</marc:subfield>
      <marc:subfield code="a">Deutsches Sprachgebiet</marc:subfield>
      <marc:subfield code="9">rswk-swf</marc:subfield>
      <marc:subfield code="2">gnd</marc:subfield>
    </marc:datafield>
    <marc:datafield tag="655" ind1=" " ind2="7">
      <marc:subfield code="0">(DE-588)4179998-7</marc:subfield>
      <marc:subfield code="0">https://d-nb.info/gnd/4179998-7</marc:subfield>
      <marc:subfield code="0">(DE-101)041799984</marc:subfield>
      <marc:subfield code="a">Monografische Reihe</marc:subfield>
      <marc:subfield code="2">gnd-content</marc:subfield>
    </marc:datafield>
    <marc:datafield tag="689" ind1="0" ind2="0">
      <marc:subfield code="0">(DE-588)4058167-6</marc:subfield>
      <marc:subfield code="0">https://d-nb.info/gnd/4058167-6</marc:subfield>
      <marc:subfield code="0">(DE-101)040581675</marc:subfield>
      <marc:subfield code="D">s</marc:subfield>
      <marc:subfield code="a">Student</marc:subfield>
    </marc:datafield>
    <marc:datafield tag="689" ind1="0" ind2="1">
      <marc:subfield code="0">(DE-588)4070370-8</marc:subfield>
      <marc:subfield code="0">https://d-nb.info/gnd/4070370-8</marc:subfield>
      <marc:subfield code="0">(DE-101)040703703</marc:subfield>
      <marc:subfield code="D">g</marc:subfield>
      <marc:subfield code="a">Deutsches Sprachgebiet</marc:subfield>
    </marc:datafield>
    <marc:datafield tag="689" ind1="0" ind2="2">
      <marc:subfield code="0">(DE-588)4020517-4</marc:subfield>
      <marc:subfield code="0">https://d-nb.info/gnd/4020517-4</marc:subfield>
      <marc:subfield code="0">(DE-101)040205177</marc:subfield>
      <marc:subfield code="D">s</marc:subfield>
      <marc:subfield code="a">Geschichte</marc:subfield>
    </marc:datafield>
    <marc:datafield tag="689" ind1="0" ind2="3">
      <marc:subfield code="0">(DE-588)4067488-5</marc:subfield>
      <marc:subfield code="0">https://d-nb.info/gnd/4067488-5</marc:subfield>
      <marc:subfield code="0">(DE-101)040674886</marc:subfield>
      <marc:subfield code="D">s</marc:subfield>
      <marc:subfield code="a">Zeitschrift</marc:subfield>
    </marc:datafield>
    <marc:datafield tag="689" ind1="0" ind2=" ">
      <marc:subfield code="5">DE-600</marc:subfield>
      <marc:subfield code="5">DE-600</marc:subfield>
    </marc:datafield>
    <marc:datafield tag="780" ind1="0" ind2="0">
      <marc:subfield code="i">Vorg.:</marc:subfield>
      <marc:subfield code="t">Beiträge zur Tübinger Studentengeschichte</marc:subfield>
      <marc:subfield code="d">Tübingen : [Verlag nicht ermittelbar], 1937-1953</marc:subfield>
      <marc:subfield code="w">(DE-600)6530-4</marc:subfield>
      <marc:subfield code="w">(DE-101)010088172</marc:subfield>
    </marc:datafield>
    <marc:datafield tag="785" ind1="0" ind2="8">
      <marc:subfield code="i">1=15.1996 - 5=19.2000</marc:subfield>
      <marc:subfield code="t">Erlesenes zur deutschen Studentengeschichte</marc:subfield>
      <marc:subfield code="d">Kassel : Assmann, 1996-2000</marc:subfield>
      <marc:subfield code="w">(DE-600)2069856-2</marc:subfield>
      <marc:subfield code="w">(DE-101)023155132</marc:subfield>
    </marc:datafield>
    <marc:datafield tag="787" ind1="0" ind2="8">
      <marc:subfield code="i">1985 - 1989 zugl. einzelne H. von</marc:subfield>
      <marc:subfield code="t">&#152;Der&#156; Convent</marc:subfield>
      <marc:subfield code="d">Mannheim : Kessler, 1950-1989</marc:subfield>
      <marc:subfield code="x">0414-8673</marc:subfield>
      <marc:subfield code="w">(DE-600)3255-4</marc:subfield>
      <marc:subfield code="w">(DE-101)010048413</marc:subfield>
    </marc:datafield>
    <marc:datafield tag="850" ind1=" " ind2=" ">
      <marc:subfield code="a">DE-101a</marc:subfield>
      <marc:subfield code="a">DE-101b</marc:subfield>
    </marc:datafield>
    <marc:datafield tag="889" ind1=" " ind2=" ">
      <marc:subfield code="w">(DE-101)944139078</marc:subfield>
    </marc:datafield>
    <marc:datafield tag="925" ind1="r" ind2=" ">
      <marc:subfield code="a">ra</marc:subfield>
    </marc:datafield>
  </marc:record>
</marc:collection>
